000 00430nam a2200145 a 4500
001 000044044
005 20201002045119.0
008 140514s1997 sp ac 000 0 spa d
020 _a8487270360
040 _aDO-SdBNP
_bspa
_cBNPHU
100 1 _aBonet Mojíca, Lluís.
_972025
245 1 0 _aEspartaco :
_bel buscavidas /
_cLluís Bonet Mojica.
260 _aBarcelona :
_bDirigido,
_c1997.
300 _a142 p. :
_bil., retrs. ;
_c21 cm.
999 _c43533
_d43533